| 000 | 00446nam a2200181Ia 4500 | ||
|---|---|---|---|
| 008 | 170705s9999 xx 000 0 und d | ||
| 020 | _a590448188 | ||
| 245 | _aInvincible Louisa : | ||
| 245 | _bthe story of the author of little women / | ||
| 245 | _cCornelia Meigs. | ||
| 260 | _aNew York : | ||
| 260 | _bScholastic, | ||
| 260 | _c1933 | ||
| 300 | _a247 pages : | ||
| 300 | _bcolor illustration ; | ||
| 300 | _c17cm. | ||
| 500 | _a1150 | ||
| 999 |
_c336676 _d336676 |
||